|
|
|
|
| LEADER |
00000cas a2200000 a 4500 |
| 001 |
vtls001077902 |
| 003 |
SK-MaSNL |
| 005 |
20260228160408.0 |
| 008 |
201127d19941994xo ar 0 0b0slo |
| 015 |
|
|
|a SNBA1995/03 (XV-XVI/1994)
|
| 020 |
|
|
|a 8022308161 (brož. : XVXVI/1994)
|
| 035 |
|
|
|a SNK000020737
|
| 040 |
|
|
|a SNK
|b slo
|c SNK
|e AACR2
|
| 041 |
0 |
|
|a slo
|b eng
|b ger
|b rus
|b slo
|
| 044 |
|
|
|a xo
|c SK
|
| 072 |
|
7 |
|a 00
|x Veda. Všeobecnosti. Základy vedy a kultúry. Vedecká práca
|2 konspekt
|
| 072 |
|
7 |
|a 02
|x Knihovníctvo. Informatika
|2 konspekt
|
| 080 |
|
|
|a 02
|2 2011
|
| 080 |
|
|
|a 021.89
|2 2011
|
| 080 |
|
|
|a (082)
|2 2011
|
| 080 |
|
|
|a 001.102
|2 2011
|
| 080 |
|
|
|a 050
|2 2011
|
| 245 |
0 |
0 |
|a Zborník Filozofickej fakulty Univerzity Komenského
|n Knihovníctvo a vedecké informácie
|
| 246 |
1 |
0 |
|a Knihovníctvo a vedecké informácie
|
| 260 |
|
|
|a Bratislava
|b Univerzita Komenského
|c 1994
|
| 300 |
|
|
|a 1 zv.
|c 24 cm
|
| 362 |
0 |
|
|a Roč. XV-XVI (1994)
|
| 504 |
|
|
|a Bibliografia
|
| 546 |
|
|
|a Resumé anglické, nemecké, ruské a slovenské
|
| 650 |
0 |
7 |
|a knihovníctvo
|2 SNKPH
|9 1557
|
| 650 |
0 |
7 |
|a Librarianship
|2 SNKPHeng
|9 266557
|
| 650 |
0 |
7 |
|a vedecké informácie
|2 SNKPH
|9 1284
|
| 650 |
0 |
7 |
|a Scientific informations
|2 SNKPHeng
|9 155463
|
| 655 |
|
7 |
|a zborníky
|2 SNKPH
|9 70165
|
| 655 |
|
7 |
|a Papers of several authors
|2 SNKPHeng
|9 153738
|
| 710 |
2 |
|
|a Univerzita Komenského v Bratislave.
|b Filozofická fakulta
|4 pbl
|
| 785 |
0 |
0 |
|t Knižničná a informačná veda
|w vtls001469969
|
| 910 |
|
|
|a snk
|
| 910 |
|
|
|a ttkjf
|
| 916 |
|
|
|a 14-15/1994
|
| 919 |
|
|
|a 80-223-0816-1
|
| 958 |
|
|
|a NB
|
| 999 |
|
|
|c 2364
|d 4294
|
| 952 |
|
|
|0 0
|1 0
|4 0
|7 0
|a SNKUST
|b SNKUST
|d 2020-03-24
|f 1
|i snkKSP 1726/95
|l 0
|o snkČSC 2099/15-16/1994
|p 17A1014674
|r 2025-05-30 00:00:00
|w 2026-02-21
|y PREZ
|
| 952 |
|
|
|0 0
|1 0
|4 0
|7 0
|a SNKUST
|b SNKUST
|d 2005-02-21
|i snkKSP 1727/95
|l 0
|o snkČSC 2099/15-16/1994 D1
|p 17A0454106
|r 2025-05-30 00:00:00
|t snkZBO/15-16/1994 02(082)
|w 2026-02-21
|y PREZ
|z snkZBO/15-16/1994 02(082)
|